Bài toán biên hỗn hợp thứ nhất đối với phương trình vi phân

Các tính chất cơ bản của toán tử tuyến tính. Phép tính toán tử khả nghịch phải. Bài toán biên hỗn hợp thứ nhất đối với phương trình vi phân.

Đã lưu trong:
書目詳細資料
主要作者: Nguyễn Thị Hải Yến
其他作者: Nguyễn Văn Mậu GS.TSKH (Hướng dẫn)
格式: 圖書
語言:Vietnamese
出版: Đà Nẵng Đại học Đà Nẵng 2011
主題:
標簽: 添加標簽
沒有標簽, 成為第一個標記此記錄!
Thư viện lưu trữ: Mạng thư viện Đại học Đà Nẵng
LEADER 01579nam a2200361 4500
001 000010453
003 6658
005 20111214081238.0
008 111214s2011 viesd
041 |a vie 
072 |a Luận văn Thạc sĩ khoa học 
082 |a 515.3  |b NG-Y 
100 1 |a Nguyễn Thị Hải Yến 
245 1 |a Bài toán biên hỗn hợp thứ nhất đối với phương trình vi phân  |c Nguyễn Thị Hải Yến 
260 |a Đà Nẵng  |b Đại học Đà Nẵng  |c 2011 
300 |a 57 tr  |c 29 cm  |e 1 tóm tắt, 1 đĩa CD 
500 |a Luận văn Thạc sĩ Khoa học. Chuyên ngành: Phương pháp toán sơ cấp. Mã số: 60.46.40 
520 |a Các tính chất cơ bản của toán tử tuyến tính. Phép tính toán tử khả nghịch phải. Bài toán biên hỗn hợp thứ nhất đối với phương trình vi phân. 
653 |a Không gian tuyến tính 
653 |a Luận văn Thạc sĩ toán sơ cấp 
653 |a Bài toán giá trị ban đầu 
653 |a Toán học 
700 1 |a Nguyễn Văn Mậu  |c GS.TSKH  |e Hướng dẫn 
OWN |a LSP 
AVA |a UDN50  |b LSP  |d 515.3 NG-Y  |e available  |t Error 5001 Not defined in file expand_doc_bib_avail.  |f 1  |g 0  |h N  |i 0  |k 1 
999 |a From the UDN01 
AVA |a UDN50  |b LSP  |d 515.3 NG-Y  |e available  |t Error 5001 Not defined in file expand_doc_bib_avail.  |f 1  |g 0  |h N  |i 0  |k 1 
TYP |a Monograph 
TYP |a Printed language 
980 |a Mạng thư viện Đại học Đà Nẵng